人口が1億人を超える国 - Statistics

General Stats
  • This quiz has been taken 455 times
  • The average score is 13 of 16
Answer Stats
順位 人口 国名 % Correct
1 1,413,324,000 インド
99%
2 1,408,280,000 中華人民共和国
99%
3 340,110,988 アメリカ合衆国
99%
11 123,540,000 日本
98%
4 282,477,584 インドネシア
97%
7 212,583,750 ブラジル
94%
9 146,028,325 ロシア連邦
94%
10 130,294,079 メキシコ
88%
5 241,499,431 パキスタン
82%
6 223,800,000 ナイジェリア
82%
8 169,828,911 バングラデシュ
78%
15 105,914,499 エジプト
71%
12 114,123,600 フィリピン
70%
16 101,343,800 ベトナム
68%
13 109,499,000 エチオピア
58%
14 109,276,000 コンゴ民主共和国
54%
No matching quizzes found
Score Distribution
Percent of People with Each Score
Percentile by Number Answered
Your Score History
You have not taken this quiz